Normal view
MARC view
- Parents et enfants
Entry Topical Term
001 - CONTROL NUMBER
- control field: 86983
003 - CONTROL NUMBER IDENTIFIER
- control field: OSt
005 - DATE AND TIME OF LATEST TRANSACTION
- control field: 20251203151329.0
008 - FIXED-LENGTH DATA ELEMENTS
- fixed length control field: 251203|| aca||aabn | a|a d
040 ## - CATALOGING SOURCE
- Original cataloging agency: OSt
- Transcribing agency: OSt
150 ## - HEADING--TOPICAL TERM
- Topical term or geographic name as entry element: Parents et enfants
- General subdivision: Enseignement biblique
670 ## - SOURCE DATA FOUND
- Source citation: Work cat.: (OSt)49839: Tripp, Tedd, author. 86980, Shepherding a child's heart /, January 1, 1995.